Histoire de l'Afrique: des origenes a 1945

Uloženo v:
Podrobná bibliografie
Hlavní autor: Julien, Charles-André (Autor)
Médium: Kniha
Jazyk:francouzština
Vydáno: París Presses Universitaires de France 1958
Edice:Que Sais-Je?, 4
Témata:
Tagy: Přidat tag
Žádné tagy, Buďte první, kdo vytvoří štítek k tomuto záznamu!

MARC

LEADER 00000nam a2200000 a 4500
001 UCO2302
003 CL-VaPUC
008 000602e19580000FR |||||||||||||||||fre|d
082 0 4 |a 960  |b JUL  |2 21 
100 |a Julien, Charles-André  |e author  |9 445346 
245 1 0 |a Histoire de l'Afrique: des origenes a 1945 
300 |a 126 p 
942 |c BK 
945 |d 20000602 00:00:00  |a rherrera 
260 |a París  |b Presses Universitaires de France  |c 1958 
650 7 |a HISTORIA DE AFRICA  |2 CL-VaPUC  |9 437682 
650 0 |a Árabes  |9 316264 
650 7 |a EUROPEOS  |2 CL-VaPUC  |9 445345 
650 0 |a Descubrimientos geográficos  |9 331933 
650 0 |a Colonización  |9 265172 
651 0 |a Cartago  |9 320485 
651 0 |a Roma   |9 255106 
651 0 |a Egipto   |9 268199 
583 |a last modification  |c 20000602 00:00:00  |k Rodrigo Vera 
490 0 |a Que Sais-Je?, 4 
999 |c 288838  |d 288836 
952 |0 0  |1 0  |4 0  |6 960_000000000000000_JUL_1958  |7 0  |8 A  |9 336782  |a BIBHIS  |b BIBHIS  |d 2019-11-20  |i 1284835  |o 960 JUL 1958  |p 1284835  |r 2025-01-20  |w 2019-11-20  |y BK  |k HIS